000
00307nam a2200121Ia 4500
008
191201s2016 xx 000 0 und d
100
_a
MAHAPATRA, Rajendra Prasad
245
0
_a
Database Management Systems
250
_a
Rep
260
_c
2016
_b
Khanna Publisher
_a
NEW DELHI
300
_a
526
942
_2
ddc
_c
BK
999
_c
7989
_d
7989